00895nam a2200241Ia 4500003000900000008004100009020001800050040001600068080001600084100002400100245016900124260004600293300001400339500002600353650004100379650003600420650003000456650001700486700003600503942000700539999001500546952009200561IN-BaIIA211028s9999 xx 000 0 eng d a0-8165-0530-6 cIIA Library a523.45bGEH aGehrels, Tom912980 0aJupiterbstudies of the Interior atmosphere, magnetospheres and satellitescTom Gehrels and Mildred Shapley Mathews  aTucsonbUniversity of Arizona Pressc1976 ax, 1254p. aDonated by Mrs. Bappu aAstronomy and Astrophysics Thesaurus aPlanetary System-Jupiter912981 aSatelllite-Jupiter912982 aSolar System aMathews, Mildred Shapley912983 cBK c7673d7673 00104070aBANbBANcGENd1983-07-26l0o523.45/ GEHp8487r2021-11-05w1983-07-26yBK